• 首页
  • 本馆介绍
  • 公告通知
  • 最新文献
  • 馆藏检索
  • 电子资源
  • 读者导购
  • 参考咨询
  • 我的图书馆
  • 登录
  • 详细信息显示
  • 放入我的书架
  • 预约/预借图书
  • 作者相关作品
  • 分类相关作品
  • 丛书相关作品
  • 出版社相关作品

书目信息

  • 表格格式
  • 工作单格式
  • 卡片格式
题名:
形体美学与舞蹈的科学训练
    
 
作者: 米洁 , 孙建伟 著
分册:  
出版信息: 北京   北京工业大学出版社  2021.5
页数: 179页
开本: 24cm
丛书名:
单 册:
中图分类: G831.3 , J712.2
科图分类:
主题词: 形体--美学--研究 , 舞蹈训练
电子资源:
ISBN: 978-7-5639-6675-2
000 00920nam0 2200265 45
001 012001001689
005 20141011094801.0
010    @a978-7-5639-6675-2@dCNY50.00
100    @a20191228d2018 em y0chiy50 ea
101 0  @achi
102    @aCN@b110000
105    @ay z 000yy
106    @ar
200 1  @a形体美学与舞蹈的科学训练@Axing ti mei xue yu wu dao de ke xue xun lian@b专著@f米洁,孙建伟著
210    @a北京@c北京工业大学出版社@d2021.5
215    @a179页@d24cm
330    @a本书第一章为形体美与舞蹈,第二章为舞蹈常识汇总,第三章为舞蹈训练与科学,第四章为舞蹈训练与形体美学设计,第五章为形体与舞蹈,第六章为优美仪态的展现,第七章为形体美与体育舞蹈的探究。
606 0  @a形体@x美学@x研究
606 0  @a舞蹈训练
690    @aG831.3@v5
690    @aJ712.2@v5
701  0 @a米洁@Ami jie@4著
701  0 @a孙建伟@Asun jian wei@4著
801  2 @aCN@b江苏凤凰@c20211018
905    @b1345330-3@dG831.3@e232@f4
    
    形体美学与舞蹈的科学训练/米洁,孙建伟著.-北京:北京工业大学出版社,2021.5
    179页;24cm
    
    
    ISBN 978-7-5639-6675-2:CNY50.00
    本书第一章为形体美与舞蹈,第二章为舞蹈常识汇总,第三章为舞蹈训练与科学,第四章为舞蹈训练与形体美学设计,第五章为形体与舞蹈,第六章为优美仪态的展现,第七章为形体美与体育舞蹈的探究。
●
相关链接 在E读中查询图书 在五车中查询图书 在当当中查询图书 在豆瓣中查询图书


正题名:形体美学与舞蹈的科学训练     索取号:G831.3/232         预约/预借

序号 登录号 条形码 馆藏地/架位号 状态 备注
1 1345330   213453305   第一样本阅览室/ [索取号:G831.3/232] 在馆    
2 1345331   213453314   第四借阅区/ [索取号:G831.3/232] 在馆    
3 1345332   213453323   第四借阅区/ [索取号:G831.3/232] 在馆    
4 1345333   213453332   第四借阅区/ [索取号:G831.3/232] 在馆    
唐山师范学院图书馆 欢迎您!
大连网信软件有限公司© 版权所有